Assortiment BD (pas fini) - Statistiques

Statistiques générales
  • Ce quiz a été pris 9 fois
  • Le résultat moyen est 5 sur 8
Statistiques - réponses
Hint Réponse % Correct
BD la plus vendue depuis 2019, classique de la BD franco-belge Astérix (Dargaud historiquement puis Albert René - Hachette)
100%
Festival BD incontournable FIBD (Festival International de la Bande Dessinée d'Angoulême)
100%
Festival BD (+ alternatif) So BD
100%
BD pour enfants "interactives" Jim Curious (lunette 3D) - édition 2042, JeanJambe (lunette 3D) - édition 2042, Détective Rollmops (livre-jeu)- édition The Hoochie Coochie
67%
Les premières bandes dessinées (muets et petits formats première lecture) Biscoto, BD Kids, les éditions de la Pastèque, les éditions de la Gouttière
33%
BD avec un personnage qui joue avec les codes de la bande dessinée (cases, bulles...) Imbattable - Dupuis
33%
BD humour pour les adolescents L'élève Ducobu, Les profs, Louca, Les Sisters, Dad, Titeuf...
33%
Classique de la bande dessinée jeunesse, nom souvent écorché par les parents Mortelle Adèle (collection Globulle - Bayard Jeunesse)
33%
Aucun quiz correspondant
Distribution des résultats
% des personnes avec chaque résultat
Percentile par nombre de réponses
Votre historique - résultats
Vous n’avez pas pris ce quiz